000 00402 a2200145 4500
999 _c12595
_d12595
003 OSt
005 20260410132845.0
008 240323b ||||| |||| 00| 0 eng d
020 _a978-93-6128-048-1
100 _aUrban Design Lab.
245 _aUDL Thesis Publication | 2023
_acurating the best graduate thesis projects globally
260 _bUrban Design Lab.
_c2023
300 _a256p;
942 _2ddc